MARC details
| 000 -CABECERA |
| campo de control de longitud fija |
01661nam a2200349 i 4500 |
| 001 - NÚMERO DE CONTROL |
| campo de control |
000027264 |
| 003 - IDENTIFICADOR DEL NÚMERO DE CONTROL |
| campo de control |
DO-SdBNP |
| 005 - FECHA Y HORA DE LA ÚLTIMA TRANSACCIÓN |
| campo de control |
20251210095949.0 |
| 007 - CAMPO FIJO DE DESCRIPCIÓN FÍSICA--INFORMACIÓN GENERAL |
| campo de control de longitud fija |
ta |
| 008 - DATOS DE LONGITUD FIJA--INFORMACIÓN GENERAL |
| campo de control de longitud fija |
100804s2010 dr 001 0 spa d |
| 020 ## - NÚMERO INTERNACIONAL ESTÁNDAR DEL LIBRO |
| ISBN cancelado o inválido |
9789945870794 |
| 040 ## - FUENTE DE LA CATALOGACIÓN |
| Centro catalogador/agencia de origen |
DO-SdBNP |
| Lengua de catalogación |
spa |
| Centro/agencia transcriptor |
BNPHU |
| Normas de descripción |
rda |
| 041 ## - CÓDIGO DE LENGUA |
| Código de lengua del texto/banda sonora o título independiente |
spa |
| 082 #4 - NÚMERO DE LA CLASIFICACIÓN DECIMAL DEWEY |
| Número de clasificación |
305.80972 |
| Número de documento/Ítem |
D542e |
| Número de edición |
22 |
| 100 1# - ENTRADA PRINCIPAL--NOMBRE DE PERSONA |
| Nombre de persona |
Díaz Polanco, Héctor, |
| Fechas asociadas al nombre |
1944- |
| 9 (RLIN) |
2421 |
| Término indicativo de función/relación |
autor |
| Código de función/relación |
aut. |
| 245 10 - MENCIÓN DE TÍTULO |
| Título |
Ensayos sobre identidad : |
| Resto del título |
visiones desde México / |
| Mención de responsabilidad, etc. |
Héctor Díaz-Polanco |
| 264 #4 - PRODUCCIÓN, PUBLICACIÓN, DISTRIBUCIÓN, FABRICACIÓN Y COPYRIGHT |
| Producción, publicación, distribución, fabricación y copyright |
Santo Domingo, República Dominicana : |
| Nombre del de productor, editor, distribuidor, fabricante |
Dirección General de la Feria del Libro, |
| Fecha de producción, publicación, distribución, fabricación o copyright |
2010. |
| 300 ## - DESCRIPCIÓN FÍSICA |
| Extensión |
247 páginas ; |
| Dimensiones |
23 cm. |
| 336 ## - TIPO DE CONTENIDO |
| Término de tipo de contenido |
texto |
| Código de tipo de contenido |
txt |
| Fuente |
rdacontent |
| 337 ## - TIPO DE MEDIO |
| Nombre/término del tipo de medio |
sin mediación |
| Código del tipo de medio |
n |
| Fuente |
rdamedia |
| 338 ## - TIPO DE SOPORTE |
| Nombre/término del tipo de soporte |
volumen |
| Código del tipo de soporte |
nc |
| Fuente |
rdacarrier |
| 504 ## - NOTA DE BIBLIOGRAFÍA, ETC. |
| Nota de bibliografía, etc. |
Incluye referencias bibliográficas y notas al pie de páginas. |
| 505 ## - NOTA DE CONTENIDO CON FORMATO |
| Nota de contenido con formato |
Preámbulo, 7.-- El canon Snorri : la virtud de la tolerancia, 13.-- Identidad, globalización y etnofagia, 21.-- La antropología social y la diversidad, 71.-- Pueblos indios en los estados nacionales, 103.-- Lo nacional y lo étnico en México, 147.-- La izquierda frente a la identidad, 175.-- Juntas de buen gobierno. La autonomía regional zapatista, 207.-- Siete mitos sobre la autonomía, 227. |
| 590 ## - NOTA LOCAL (RLIN) |
| Nota local |
Inventariado, 2018/BT |
| 650 #4 - PUNTO DE ACCESO ADICIONAL DE MATERIA--TÉRMINO DE MATERIA |
| Término de materia o nombre geográfico como elemento de entrada |
Ensayos mexicanos |
| 9 (RLIN) |
1921 |
| 650 #0 - PUNTO DE ACCESO ADICIONAL DE MATERIA--TÉRMINO DE MATERIA |
| Término de materia o nombre geográfico como elemento de entrada |
Identidad nacional |
| 9 (RLIN) |
2163 |
| 650 #4 - PUNTO DE ACCESO ADICIONAL DE MATERIA--TÉRMINO DE MATERIA |
| Término de materia o nombre geográfico como elemento de entrada |
Identidad cultural |
| Subdivisión geográfica |
México |
| Subdivisión general |
Ensayos, conferencias, etc. |
| 9 (RLIN) |
54323 |
| 650 #4 - PUNTO DE ACCESO ADICIONAL DE MATERIA--TÉRMINO DE MATERIA |
| Término de materia o nombre geográfico como elemento de entrada |
Nacionalismo y cultura |
| 9 (RLIN) |
22911 |
| 651 #4 - PUNTO DE ACCESO ADICIONAL DE MATERIA--NOMBRE GEOGRÁFICO |
| Nombre geográfico |
México |
| Subdivisión general |
Características Nacionales |
| -- |
Ensayos, Conferencias, Etc. |
| 9 (RLIN) |
54324 |
| 910 ## - DATOS DE OPCIÓN DEL USUARIO (OCLC) |
| Datos de opción del usuario |
Validado. Control de calidad. EMS |
| 942 ## - ELEMENTOS DE PUNTO DE ACCESO ADICIONAL (KOHA) |
| Fuente del sistema de clasificación o colocación |
Dewey Decimal Classification |
| Tipo de ítem Koha |
Libro |